Statistics for guess that anime!

Click here to take the quiz!

General Stats

  • This quiz has been taken 3,025 times
    (3,017 since last reset)
  • The average score is 8 of 14

Answer Stats

HintAnswer% Correct
a notebook of deathdeath note
99%
a young ninjanaruto
96%
pirates!one piece
96%
gokudragon ball
95%
pika!pokemon
89%
giant man eatersattack on titan
86%
a demon butlerblack butler
81%
stuck in a video gamesword art online
80%
death the kidsoul eater
47%
a highschool of the richouran highschool host club
31%
magic!fairy tail
26%
a devil baby named mao chanchibi devi
4%
a clumsy girlsalior moon
1%
a school of vampiersvampire kight
0%

Score Distribution

Percentile by Number Answered

Percent of People with Each Score

Your Score History

You have not taken this quiz since the last reset